[Event "Catalunya-chT"]
[White "Sanahuja Bardina, Pere"]
[Black "Melchor Munoz, Alejandro"]
[Site "Spain"]
[Round "3"]
[Result "1/2-1/2"]
[Date "1993.??.??"]
[WhiteElo "2115"]
[BlackElo "2055"]
[PlyCount "75"]
[EventDate "1993.??.??"]
[EventType "team-tourn"]
[EventRounds "9"]
[EventCountry "ESP"]
[SourceTitle "EXT 2019"]
[Source "ChessBase"]
[SourceDate "2018.10.10"]
[SourceVersion "1"]
[SourceVersionDate "2018.10.10"]
[SourceQuality "1"]

1. e4 e5 2. Nf3 Nc6 3. Bb5 a6 4. Ba4 Nf6 5. 0-0 Nxe4 6. d4 b5 7. Bb3 d5 8. dxe5 Be6 9. c3 Bc5 10. Qe2 0-0 11. Nbd2 Nxd2 12. Bxd2 Bg4 13. Be3 Bxe3 14. Qxe3 Re8 15. Rad1 Bxf3 16. Qxf3 Nxe5 17. Qxd5 Qf6 18. Qc5 Re7 19. Kh1 Rae8 20. h3 g6 21. a4 c6 22. Rd6 Qf4 23. Qe3 Qxe3 24. fxe3 Kg7 25. Rdf6 Nd3 26. axb5 axb5 27. Rxc6 Nxb2 28. Rb6 Nc4 29. Bxc4 bxc4 30. Rc6 Re4 31. Rc7 R8e7 32. Rxe7 Rxe7 33. Rf4 Rxe3 34. Rxc4 Re2 35. Kh2 Rc2 36. Kg3 Kf6 37. Rc7 Ke6 38. Kf3 1/2-1/2